WM-Spiele der deutschen Nationalmannschaft seit 2002 - Statistiken

Allgemein
  • Dieses Quiz wurde 211 mal gespielt
  • Das Durchschnittsergebnis liegt bei 27 aus 34
Antwortstatistiken
Turnier Art des Spiels Gegner Ergebnis (aus deutscher Sicht) % Korrekt
WM 2014 Finale Argentinien 1:0
97%
WM 2014 Halbfinale Brasilien 7:1
96%
WM 2014 Viertelfinale Frankreich 1:0
95%
WM 2014 Gruppe G Portugal 4:0
95%
WM 2014 Gruppe G USA 1:0
93%
WM 2014 Achtelfinale Algerien 2:1
93%
WM 2018 Gruppe F Schweden 2:1
93%
WM 2018 Gruppe F Südkorea 0:2
92%
WM 2022 Gruppe E Spanien 1:1
92%
WM 2022 Gruppe E Japan 1:2
92%
WM 2018 Gruppe F Mexiko 0:1
91%
WM 2014 Gruppe G Ghana 2:2
90%
WM 2010 Halbfinale Spanien 0:1
87%
WM 2006 Halbfinale Italien 0:2
83%
WM 2002 Finale Brasilien 0:2
82%
WM 2010 Achtelfinale England 4:1
80%
WM 2022 Gruppe E Costa Rica 4:2
80%
WM 2010 Spiel um Platz 3 Uruguay 3:2
78%
WM 2010 Viertelfinale Argentinien 4:0
78%
WM 2006 Gruppe A Polen 1:0
76%
WM 2006 Spiel um Platz 3 Portugal 3:1
76%
WM 2010 Gruppe D Australien 4:0
75%
WM 2006 Gruppe A Costa Rica 4:2
75%
WM 2010 Gruppe D Ghana 1:0
74%
WM 2010 Gruppe D Serbien 0:1
73%
WM 2006 Achtelfinale Schweden 2:0
72%
WM 2002 Gruppe E Saudi-Arabien 8:0
70%
WM 2002 Halbfinale Südkorea 1:0
69%
WM 2006 Viertelfinale Argentinien 1:1
68%
WM 2006 Gruppe A Ecuador 3:0
68%
WM 2002 Viertelfinale USA 1:0
66%
WM 2002 Achtelfinale Paraguay 1:0
65%
WM 2002 Gruppe E Irland 1:1
63%
WM 2002 Gruppe E Kamerun 2:0
61%
Keine übereinstimmenden Quizze gefunden
Verteilung der Resultate
Anzahl Personen mit jedem Resultat
Perzentil nach korrekt beantworteten Fragen
Ihre Resultats-Entwicklung
Sie haben dieses Quiz noch nicht gespielt